00373nam a2200109Ia 4500008004100000050002600041100002500067245004000092260008600132300003300218521001200251140724s9999 xx 000 0 und d aG 155.A1b.Al318 2013 aAlambra, Mary Joy V. aPark n' Eat /cMary Joy V. Alambra. aLas Piñas, Philippines :bSouthville International School and Colleges,cc2013. a48 p. :bcol. Ill. ;c28 cm. aTourism